Station de métro Paris par premiers mots - Statistiques

Statistiques générales
  • Ce quiz a été pris 14 fois
  • Le résultat moyen est 29 sur 66
Statistiques - réponses
... qui commence par "porte" % Correct
Gare d'Austerlitz
77%
Gare de l'Est
77%
Gare de Lyon
77%
Gare du Nord
77%
Mairie de Saint-Ouen
69%
Porte de Montreuil
69%
Porte des Lilas
69%
Porte de Saint-Ouen
62%
Porte de Vanves
62%
Porte de Versailles
62%
Porte d'Ivry
62%
Porte Maillot
62%
Saint-Placide
62%
Saint-Sulpice
62%
Porte d'Auteuil
54%
Porte de Bagnolet
54%
Porte de Choisy
54%
Porte de la Chapelle
54%
Porte de Pantin
54%
Porte de Vincennes
54%
Porte d'Italie
54%
Porte d'Orléans
54%
Saint-Ouen
54%
Mairie de Montreuil
46%
Mairie des Lilas
46%
Mairie d'Ivry
46%
Place de Clichy
46%
Pont Marie
46%
Pont Neuf
46%
Porte Dauphine
46%
Porte de Clichy
46%
Porte de Clignancourt
46%
Porte de Saint-Cloud
46%
Porte Dorée
46%
Saint-Mandé
46%
Saint-Michel
46%
Saint-Paul
46%
Mairie de Clichy
38%
Mairie d'Issy
38%
Place d'Italie
38%
Pont de Sèvres
38%
Mairie de Montrouge
31%
Place des Fêtes
31%
Pont de Levallois-Bécon
31%
Pont de Neuilly
31%
Porte de Champerret
31%
Porte de Charenton
31%
Porte de la Vilette
31%
Saint-Denis Porte de Paris
31%
Saint-Denis Université
31%
Saint-Fargeau
31%
Saint-Germain-Des-Prés
31%
Saint-Jacques
31%
Saint-Sébastien-Froissart
31%
Place Monge
23%
Pont Cardinet
23%
Saint-Ambroise
23%
Saint-Denis Pleyel
23%
Saint-Lazare
23%
Saint-Philippe-Du-Roulle
23%
Mairie d'Auberviliers
15%
Porte d'Auberviliers
15%
Saint-Augustin
15%
Saint-François-Xavier
15%
Saint-Georges
15%
Saint-Marcel
15%
Aucun quiz correspondant
Distribution des résultats
% des personnes avec chaque résultat
Percentile par nombre de réponses
Votre historique - résultats
Vous n’avez pas pris ce quiz